000 00459 a2200169 4500
003 Nust
005 20170207153426.0
040 _cNust
082 _a005.1
100 _aShah , Capt Ahsan Iqbal BESE-07
245 _ajini Automation of remote device via impropmtue community of objects
_cCapt Ashan Iqbal Shah & Capt Usman Ali
260 _bMCS
_c2005
300 _a53 p
538 _aAlmirah No.71 Shelf No.4
650 _aUG Projects
651 _aUG CS Projects
942 _cTHS
999 _c185937
_d185937